书目信息 |
| 题名: |
计算语言学探索
|
|
| 作者: | 冯志伟 著 | |
| 分册: | ||
| 出版信息: | 哈尔滨 黑龙江教育出版社 2001 |
|
| 页数: | 392页 | |
| 开本: | 20cm | |
| 丛书名: | 语言研究新思维丛书 | |
| 单 册: | ||
| 中图分类: | H087 | |
| 科图分类: | ||
| 主题词: | 数理语言学--研究 | |
| 电子资源: | ||
| ISBN: | 7-5316-3683-2 | |
| 000 | 00726nam2 2200241 45 | |
| 001 | 0312301485 | |
| 005 | 20031230140709.7 | |
| 010 | @a7-5316-3683-2@dCNY21.00 | |
| 100 | @a20031230d2001 km y0chiy0120 ea | |
| 101 | 0 | @achi |
| 105 | @a z 000yy | |
| 200 | 1 | @a计算语言学探索@AJi Suan Yu Yan Xue Tan Suo@f冯志伟著@FFeng Zhi Wei Zhu |
| 210 | @a哈尔滨@c黑龙江教育出版社@d2001 | |
| 215 | @a392页@d20cm | |
| 225 | @a语言研究新思维丛书@f戴昭明主编 | |
| 300 | @a附:冯志伟主要著作和研究工作 | |
| 410 | @12001 @a语言研究新思维丛书 | |
| 410 | @1700 0@a戴昭明@ADai Zhao Ming@4主编 | |
| 606 | 0 | @a数理语言学@x研究 |
| 690 | @aH087@v4 | |
| 701 | 0 | @a冯志伟@4著 |
| 801 | @aCN@bTSTC@c20031230 | |
| 905 | @b330704-708@dH087@e86@f5 | |
| 计算语言学探索/冯志伟著.-哈尔滨:黑龙江教育出版社,2001 |
| 392页;20cm.-(语言研究新思维丛书/戴昭明主编) |
| 附:冯志伟主要著作和研究工作 |
| ISBN 7-5316-3683-2:CNY21.00 |
| ● |
| 相关链接 |
|
|
|
|
正题名:计算语言学探索
索取号:H087/86
 
预约/预借
| 序号 | 登录号 | 条形码 | 馆藏地/架位号 | 状态 | 备注 |
| 1 | 0330704 | 203307046 | 第四借阅区/ [索取号:H087/86] |
已借出,限还日期为2026.09.19 借出人:刘燕岚 |
|
| 2 | 0330705 | 203307055 | 第四借阅区/ [索取号:H087/86] | 在馆 | |
| 3 | 0330706 | 203307064 | 第四借阅区/ [索取号:H087/86] | 在馆 | |
| 4 | 0330707 | 203307073 | 第四借阅区/ [索取号:H087/86] | 在馆 | |
| 5 | 0330708 | 203307082 | 第二样本阅览室/ [索取号:H087/86] | 在馆 |